00321nam a2200109Ia 4500008004100000041000800041082001600049100001000065245007300075260004400148300001900192241015s9999 xx 000 0 und d aeng a332.101 DUR aDuran aFinancial Services Technology: Processes, Architecture And Solutions bCengage Learning IndiaaAustraliac2018 a591;. P. 25 cm